000 01411nam a2200301 c 4500
003 BLK
005 20180422115647.0
008 180411b bul|||||r ||||||| ||bul||
010 _aKNG00198572000
040 _aBLK
041 _aBUL
_cBUL
080 _aХидротерапия (водотерапия). Балнеолечение. Курортотерапия - Лечение с бани, горещи бани, сауна, хладни бани, речно къпане, влажни фрикции, компреси, с "жива вода"(алкално активирана, с ph 9, 6;курорт
_b615.838
_x
_z615.838
700 1 _aНиколова, Лиляна
_e*
_9384730
100 1 _aНиколова-Касабова, Лиляна
_eпърви автор
_9344862
139 _aНиколова, Лиляна
_bН 75
245 1 0 _aБургаски минерални бани
_c* Лиляна Николова; Лиляна Николова-Касабова.
257 _aBGR
260 София
_bМедицина и физкултура
_c1961
300 _a52 с.
_bс ил.
_c18 см
380 _a61
490 1 _aНаши курорти
650 4 _aМинерални бани - България
_9281530
852 _aЦб І 4304
856 4 _qpdf
_u
856 4 _qpdf
_u
942 _cKNG
_n0
944 _aCR
_c19.12.2016
_kСилвестър_Спасов
944 _aED
_c19.12.2016
_kСилвестър_Спасов
999 _c189528
_d189528